Normal view
MARC view
- Shafiq-ur-Rehman
Entry Personal Name
001 - CONTROL NUMBER
- control field: 1675
003 - CONTROL NUMBER IDENTIFIER
- control field: NUST
005 - DATE AND TIME OF LATEST TRANSACTION
- control field: 20170531104948.0
008 - FIXED-LENGTH DATA ELEMENTS
- fixed length control field: 170531|| aca||aabn | a|a d
040 ## - CATALOGING SOURCE
- Original cataloging agency: NUST
- Transcribing agency: NUST
100 ## - HEADING--PERSONAL NAME
- Personal name: Shafiq-ur-Rehman
670 ## - SOURCE DATA FOUND
- Source citation: Work cat.: (NUST)0: Shafiq-ur-Rehman, Hamaqtain, 2005.
